| 000 | 00914cam a22001934a 4500 | ||
|---|---|---|---|
| 005 | 20250605163957.0 | ||
| 008 | 250528s ||||||||||||||||||||||||d | ||
| 035 | _a15508 | ||
| 020 | _a77078276 | ||
| 040 |
_aGR-AtMCL _bgre _dGR-AtMCL _eAACR2 |
||
| 245 | 1 | _aEffective Communication for Modern Business | |
| 260 |
_bMcgraw Hill Book Company, _c1994 |
||
| 300 | _a204 | ||
| 520 | _aThis book examines communication at work and is a comprehensive guide to the concepts and techniques essential for successful communication in any business situation today. Preface, The Overall Structure, Aspects of Communication, The Spoken Word, Listening, Negotiations and Negotiating, Presentations and Presenting, The Written Word, Business Documents, The Other Ways, Style and Other Issues, Images and Icons and Information, Index. | ||
| 700 | 1 |
_aBaguley Phil _91442 |
|
| 942 | _cBK | ||
| 999 |
_c1084 _d1084 |
||